UBT Library

The South returns to Congress : (Record no. 39511)

000 -LEADER
fixed length control field 00679cam a2200229 a 4500
001 - CONTROL NUMBER
control field 1387640
005 - DATE AND TIME OF LATEST TRANSACTION
control field 20171228034109.0
008 - FIXED-LENGTH DATA ELEMENTS--GENERAL INFORMATION
fixed length control field 820607s1983 laub b s001 0 eng
010 ## - LIBRARY OF CONGRESS CONTROL NUMBER
LC control number 82004654
020 ## - INTERNATIONAL STANDARD BOOK NUMBER
International Standard Book Number 0807110523 :
Terms of availability $25.00
040 ## - CATALOGING SOURCE
Original cataloging agency DLC
Transcribing agency DLC
Modifying agency DLC
041 ## - LANGUAGE CODE
Language code of text/sound track or separate title eng
043 ## - GEOGRAPHIC AREA CODE
Geographic area code n-us---
-- n-usu--
080 ## - UNIVERSAL DECIMAL CLASSIFICATION NUMBER
Universal Decimal Classification number 328.730730975 SEI
082 00 - DEWEY DECIMAL CLASSIFICATION NUMBER
Classification number 328.730730975 SEI
Edition number 19
100 1# - Rafti
Rafti 52
101 ## - Shkurtesa
Shkurtesa EKO
245 14 - TITLE STATEMENT
Title The South returns to Congress :
Statement of responsibility, etc Terry L. Seip.
504 ## - BIBLIOGRAPHY, ETC. NOTE
Bibliography, etc Bibliography: p. [295]-314.
906 ## - LOCAL DATA ELEMENT F, LDF (RLIN)
a 7
b cbc
c orignew
d 1
e ocip
f 19
g y-gencatlg
942 ## - ADDED ENTRY ELEMENTS (KOHA)
Source of classification or shelving scheme
Item type Books
Holdings
Withdrawn status Lost status Source of classification or shelving scheme Damaged status Not for loan Collection code Permanent location Current location Shelving location Date acquired Total Checkouts Full call number Barcode Date last seen Price effective from Koha item type
          Koleksioni i përgjithshem UBT - Lipjan UBT - Lipjan Koleksioni i përgjithshem 12/28/2017   328.730730975 SEI 002-29882 12/28/2017 12/28/2017 Books
UBT Library © 2015-2024. All rights reserved University Education for Business and Technology